Normal view
MARC view
Entry Personal Name
001 - CONTROL NUMBER
- control field: 27016
003 - CONTROL NUMBER IDENTIFIER
- control field: Doon University
005 - DATE AND TIME OF LATEST TRANSACTION
- control field: 20260604124406.0
008 - FIXED-LENGTH DATA ELEMENTS
- fixed length control field: 260604|| aca||aabn | a|a d
040 ## - CATALOGING SOURCE
- Original cataloging agency: Doon University
- Transcribing agency: Doon University
100 ## - HEADING--PERSONAL NAME
- Personal name: Desai, S.S.M
670 ## - SOURCE DATA FOUND
- Source citation: Work cat.: (Doon University)61004: Desai, S.S.M., Industrial Economics , 2026